LEADER 01258nam a2200265 4500 001 000000331904 003 CaOOAMICUS 005 20190116144435.0 008 190109s2006 it 000 u ita r 020 $a88-464-7377-9 040 $aSeMil$bita 245 10$aSociologia della cultura /$ca cura di Sergio Belardinelli e Leonardo Allodi. 264 1$aMilano :$bFranco Angeli,$c2006. 300 $a290 p. ;$c23 cm 490 1 $aSociologia, cambiamento e politica sociale. Sez. 3, Manuali e testi didattici ;$v6 650 4$aSociologia della cultura.$0(OLS)http://semarc/subject/10597 700 1 $aBelardinelli, Sergio,$d<1952- >,$ecuratore.$0(OLS)http://semarc/name/9826 700 1 $aAllodi, Leonardo,$ecollaboratore.$0(OLS)http://semarc/name/58403 830 0$aSociologia, cambiamento e politica sociale. Sez. 3, Manuali e testi didattici ;$v6.$0(OLS)http://semarc/title/420624 850 $aSeMil 852 $aSeMil$W1$xVenegono$y1$m3N III 714$j211430$B224935$CSeMilBibl$Z2$F224935 $81 996 $6020$a88-464-7377-9$9(OLS)http://semarc/number/286075 996 $6245$aSociologia della cultura$9(OLS)http://semarc/title/420623 996 $6264$aMilano :$bFranco Angeli$9(OLS)http://semarc/publisher/30369 LEADER 00656nam a2200181 i 4500 001 000000215473 003 CaOOAMICUS 005 20120825000000.0 008 120825s1933 xx u000 u lat u 013 $a194346 040 $aSeMil$bita 245 10$aDe religiosis. 300 $aXV, 537 p. 650 4$aDiritto canonico.$0(OLS)http://semarc/subject/207 773 0 $aWernz, Franz Xavier $tIus Canonicum.$dRomae : Apud Aedes Universitatis Gregorianae, 1928.$gTomus3$w()27287 850 $aSeMil 852 $aSeMil$W1$xVenegono$y1$m2H III 82$j165893$B165893$CSeMilBibl$Z2$F176850 $81 996 $6245$aDe religiosis$9(OLS)http://semarc/title/59729